Statistics for East Indies - Map Quiz

Click here to take the quiz!

General Stats

  • This quiz has been taken 29 times
  • The average score is 9 of 9

Answers on the Map

Answers color-coded by a green-red scale on the quiz's map according to % correct below.
 

Answer Stats

Answer% Correct
Brunei
100%
Cambodia
96%
Laos
96%
Malaysia
96%
Philippines
96%
Thailand
96%
East Timor
92%
Indonesia
92%
Vietnam
92%

Score Distribution

Percentile by Number Answered

Percent of People with Each Score

Your Score History

You have not taken this quiz